Word Answers That End in "-gue" - Statistics

General Stats
  • This quiz has been taken 241 times
    94 since last reset
  • The average score is 14 of 19
Answer Stats
Definition Word % Correct
A place where bodies are kept, especially to be identified or claimed morgue
95%
A contagious disease that spreads rapidly and kills many people plague
90%
Extreme tiredness resulting from exertion or illness fatigue
88%
The fleshy muscular organ in the mouth of many animals tongue
88%
A group of sports clubs which play each other for a championship league
86%
Jewish place of worship synagogue
86%
The prevailing fashion or style at a particular time vogue
83%
A section at the end of a book or play that serves as a conclusion epilogue
82%
Of uncertain, indefinite, or unclear character or meaning vague
82%
Conversation between two or more people in a book, play, or movie dialogue
79%
Light, sweet dessert made from whipped egg whites and sugar meringue
79%
A dishonest or unprincipled man rogue
69%
To exchange opposite views, typically in a heated or angry way argue
68%
To arouse the curiosity or interest of; to fascinate intrigue
68%
A debilitating viral disease of the tropics, transmitted by mosquitoes dengue
58%
A transition from one piece of music or film scene to another segue
53%
Composition of repeating themes used by Bach, or a dissociative state fugue
47%
A movie or book about places visited on a journey travelogue
44%
To lecture (someone) at length in an aggressive and critical manner harangue
40%
No matching quizzes found
Score Distribution
Percent of People with Each Score
Percentile by Number Answered
Your Score History
You have not taken this quiz since the last reset